Detalles MARC
| 000 -LEADER |
| fixed length control field |
02967nam a2200409Ii 4500 |
| 001 - CONTROL NUMBER |
| control field |
DIGBIN02520 |
| 003 - CONTROL NUMBER IDENTIFIER |
| control field |
NyNyDIG |
| 006 - FIXED-LENGTH DATA ELEMENTS--ADDITIONAL MATERIAL CHARACTERISTICS |
| fixed length control field |
m o d |
| 007 - PHYSICAL DESCRIPTION FIXED FIELD--GENERAL INFORMATION |
| fixed length control field |
cr ||||||||||| |
| 008 - FIXED-LENGTH DATA ELEMENTS--GENERAL INFORMATION |
| fixed length control field |
100625s2005 sp ob 000 0 spa d |
| 020 ## - INTERNATIONAL STANDARD BOOK NUMBER |
| Canceled/invalid ISBN |
8497424476 |
| 020 ## - INTERNATIONAL STANDARD BOOK NUMBER |
| Canceled/invalid ISBN |
9788497424479 |
| 035 ## - SYSTEM CONTROL NUMBER |
| System control number |
(OCoLC)656285949 |
| 040 ## - CATALOGING SOURCE |
| Original cataloging agency |
DGITA |
| Language of cataloging |
eng |
| Description conventions |
pn |
| Transcribing agency |
DGITA |
| 043 ## - GEOGRAPHIC AREA CODE |
| Geographic area code |
e-sp--- |
| 050 14 - LIBRARY OF CONGRESS CALL NUMBER |
| Classification number |
PQ6144 eBook |
| 245 03 - TITLE STATEMENT |
| Title |
La pluralidad narrativa : |
| Remainder of title |
escritores españoles contemporáneos (1984-2004) / |
| Statement of responsibility, etc. |
Angeles Encinar y Kathleen M. Glenn (eds.). |
| 264 #1 - PRODUCTION, PUBLICATION, DISTRIBUTION, MANUFACTURE, AND COPYRIGHT NOTICE |
| Place of production, publication, distribution, manufacture |
Madrid : |
| Name of producer, publisher, distributor, manufacturer |
Biblioteca Nueva, |
| Date of production, publication, distribution, manufacture, or copyright notice |
2005. |
| 300 ## - PHYSICAL DESCRIPTION |
| Extent |
1 online resource (303 pages) |
| 336 ## - CONTENT TYPE |
| Content type term |
text |
| Content type code |
txt |
| Source |
rdacontent |
| 337 ## - MEDIA TYPE |
| Media type term |
computer |
| Media type code |
c |
| Source |
rdamedia |
| 338 ## - CARRIER TYPE |
| Carrier type term |
online resource |
| Carrier type code |
cr |
| Source |
rdacarrier |
| 490 1# - SERIES STATEMENT |
| Series statement |
Estudios críticos de literatura ; |
| Volume/sequential designation |
20. |
| 504 ## - BIBLIOGRAPHY, ETC. NOTE |
| Bibliography, etc. note |
Includes bibliographical references (p. 283-301). |
| 505 0# - FORMATTED CONTENTS NOTE |
| Formatted contents note |
Ignacio Martínez de Pisón / José-Carlos Mainer -- Genealogía esquizofrénica e identidad nacional en Malena es un nombre de tango de Almudena Grandes / Rosalia Cornejo-Parriego -- Mercedes Abad,o, El arte de contar / Janet Pérez -- Una historia fantasmal : Soldados de Salamina de Javier Cercas / Robert C. Spires -- El mundo antitético de Planeta hembra de Gabriela Bustelo / Marta E. Altisent -- Melodrama, laberinto y memoria en la novelística de Juana Salabert / Alvaro Romero Marco -- Belén Gopegui entre la búsqueda y la denuncia de la realidad / Biruté Ciplijauskaité -- Entre la ironía y el desencanto : la narrativa de Angela Vallvey / Luis García Jambrina -- En busca del secreto de la narrativa de Luisa Castro / Angeles Encinar -- El pasado no está muerto : la memoria histórica en la novela de guerra, El nombre de los nuestros Lorenzo Silva / Silvia Bermúdez -- La nostalgia del futuro : amnesia global y hábitos de consumo en Tokio ya no nos quiere de Ray Loriga / José F. Colmeiro -- Silencios que cuentan : la narrativa de Marcos Giralt Torrente / Kathleen M. Glenn -- Las máscaras del escritor : las primeras novelas de Juan Manuel de Prada / Epiceto Díaz Navarro -- Los solos de Care Santos : variaciones sobre un tema / Ana Rueda -- Espido Freire : (re)lecutra y (sub)versión de los cuentos de hadas / Concha Alborg -- Una tradicón rebelde / Jordi Gracia -- Dos proyectos narrativos para el siglo XXI : Juan Manuel de Prada y José Angel Mañas / Germán Gullón. |
| 650 #0 - SUBJECT ADDED ENTRY--TOPICAL TERM |
| Topical term or geographic name entry element |
Spanish fiction |
| Chronological subdivision |
20th century |
| General subdivision |
History and criticism. |
| 650 #0 - SUBJECT ADDED ENTRY--TOPICAL TERM |
| Topical term or geographic name entry element |
Spanish fiction |
| Chronological subdivision |
21st century |
| General subdivision |
History and criticism. |
| 655 #0 - INDEX TERM--GENRE/FORM |
| Genre/form data or focus term |
Electronic books. |
| 700 1# - ADDED ENTRY--PERSONAL NAME |
| Personal name |
Encinar, Angeles. |
| 700 1# - ADDED ENTRY--PERSONAL NAME |
| Personal name |
Glenn, Kathleen Mary. |
| 791 2# - |
| -- |
Digitalia (Firm), |
| -- |
distributor. |
| 793 0# - |
| -- |
Digitalia eBook Collection: |
| -- |
Biblioteca Nueva |
| 830 #0 - SERIES ADDED ENTRY--UNIFORM TITLE |
| Uniform title |
Colección Estudios críticos de literatura ; |
| Volume/sequential designation |
20. |
| 856 40 - ELECTRONIC LOCATION AND ACCESS |
| Materials specified |
Digitalia Hispánica |
| Uniform Resource Identifier |
<a href="https://www.digitaliapublishing.com/a/53/">https://www.digitaliapublishing.com/a/53/</a> |
| 910 ## - USER-OPTION DATA (OCLC) |
| User-option data |
Premium Collection: 2007-2012 |
| 942 ## - ADDED ENTRY ELEMENTS (KOHA) |
| Koha item type |
Recurso Electrónico |